000 00191 a2200097 4500
020 _a0763521604
041 _aspa
100 _aJennings Lambert
245 _aCaminata en la ciudad
942 _cK
999 _c29596
_d29594